01692 2200685 4500001002100000005001500021035002000036007000300056008004100059020002200100082000800122084001400130100002800144245008900172250001100261260003100272300003200303650001900335700001200354990001600366990001600382990001600398990001600414990001600430990001600446990001600462990001600478990001600494990001600510990001600526990001600542990001600558990001600574990001600590990001600606990001600622990001600638990001600654990001600670990001600686990001600702990001600718990001600734990001600750990001600766990001600782990001600798990001600814990001600830990001600846990001600862990001600878990001600894990001600910990001600926990001600942990001600958990001600974990001600990INLIS00000000000202720260218104910 a0010-0226000037ta260218 d 0 ind  a978-623-522-888-4 a420 a420 DES e0 aDesi Purnama Kurniawati1 aErlangga X-Press TKA Bahasa Inggris Tingkat Lanjut SMA/MA /cDesi Purnama Kurniawati aCet. 1 aJakarta :bErlangga,c2025 aiv + 108 hlm. ;c21 x 26 cm aBahasa Inggris0 aSarwoko a00000016162 a00000016123 a00000016124 a00000016125 a00000016126 a00000016127 a00000016128 a00000016129 a00000016130 a00000016131 a00000016132 a00000016133 a00000016134 a00000016135 a00000016136 a00000016137 a00000016138 a00000016139 a00000016140 a00000016141 a00000016142 a00000016143 a00000016144 a00000016145 a00000016146 a00000016147 a00000016148 a00000016149 a00000016150 a00000016151 a00000016152 a00000016153 a00000016154 a00000016155 a00000016156 a00000016157 a00000016158 a00000016159 a00000016160 a00000016161